000
00255nam a2200109Ia 4500
008
230627s9999 xx 000 0 und d
041
_a
mar
082
_a
1.64
_b
APA
100
_a
Apate, M
245
_a
Internet Ak Kalpwruksha
260
_b
Rajhuns Pub
_c
1997
999
_c
684026
_d
684026